[Event "Muensterland Verbandsklasse-A 0809"]
[Site "Germany"]
[Date "2009.05.02"]
[Round "9.8"]
[White "Gierth, Holger"]
[Black "Farmer, Peter"]
[Result "1/2-1/2"]
[WhiteElo "1690"]
[BlackElo "1300"]
[PlyCount "52"]
[EventDate "2008.09.13"]
[EventType "tourn"]
[EventRounds "9"]
[EventCountry "GER"]
[SourceTitle "EXT 2010"]
[Source "ChessBase"]
[SourceDate "2010.11.25"]
[SourceVersion "1"]
[SourceVersionDate "2010.11.25"]
[SourceQuality "1"]
[WhiteTeam "Raesfeld Erle"]
[BlackTeam "Beelen"]
[WhiteTeamCountry "GER"]
[BlackTeamCountry "GER"]

1. d4 d5 2. c4 e6 3. cxd5 exd5 4. Nf3 Nf6 5. Bg5 Be7 6. Nc3 c6 7. e3 0-0 8. Bd3 Bg4 9. h3 Bh5 10. g4 Bg6 11. Bxg6 fxg6 12. 0-0 Ne4 13. Nxe4 dxe4 14. Qb3+ Kh8 15. Ne5 Bxg5 16. Nf7+ Rxf7 17. Qxf7 Qe7 18. Qxe7 Bxe7 19. Rad1 Na6 20. d5 cxd5 21. Rxd5 Bf6 22. Rfd1 b6 23. g5 Nc7 24. gxf6 Nxd5 25. fxg7+ Kxg7 26. Rxd5 Kf6 1/2-1/2